1114 1898 1968 1947 1403 1141 1481 1019 1596 1904 1275 1246 1098 1927 1886 1338 1986 1211 1665 1770 1675 1442 1781 1160 1022 1752 1090 1606 1380 1963 1752 1265 1536 1692 1635 1268 1372 1465 1172 1528 1689 1492 1278 1968 1630 1924 1231 1119 1666 1968 1273 1610 1947 1798 1701 1314 1607 1169 1904 1544 1067 1916 1657 1065 1847 1624 1269 1765 1309 1335 1890 1399 1456 1382 1706 1894 1393 1072 1845 1373 1172 1811 1231 1657 1139 1550 1642 1525 1518 1457 1833 1998 1160 1275 1209 1696 1646 1822 1082 BCNSPRNW ULIB Ver.6.0+V

เปลี่ยนเป็นภาษาไทย

Change to English
 แสดงรายละเอียดบรรณานุกรม
  กลับหน้าหลัก

Brief Record : Get Marc (ISO 2709) : E-mail record : QR code < ปิดหน้าต่าง
LEADER : 00000nam 2200000uu 4500
001    13399113795
003     ULIB
008    120105s2551||||th 000 0 tha d
020    ^a9789741673933
090    ^aนว.^bด898พ 2551
100 0  ^aเดวิล อิน เลิฟ
245 00 ^aพิศวาสสุดหัวใจ/^cเดวิล อิน เิลิฟ
250    ^aพิมพ์ครั้งที่ 1
260    ^aกรุงเทพฯ :^bsugar beat ,^c2551
300    ^a288 หน้า
945    ^p200^l0^i15319
995    ^aกัณชพร
999    ^aใช้งานได้ทุกระบบ
รายการนี้ยังไม่มีแท็ก
คุณยังไม่ได้ล็อกอิน คุณสามารถมีกิจกรรมร่วมกับเว็บไซต์ได้ แต่ต้องล็อกอินก่อน ::
  ล็อกอิน

รายการสื่อสารสนเทศ

ลำดับที่ ประเภท เลขเรียก/บาร์โค้ด สถานที่ สถานะ
1. นวนิยาย
นวนิยาย
นว. ด898พ 2551  
  Barcode: 15319
ห้องสมุดวิทยาเขตสวรรค์ประชารักษ์
►นวนิยาย
บนชั้น
  ขอยืม

BibComment


ยังไม่เคยถูกคอมเมนท์

คอมเมนท์ทรัพยากรรายการนี้
  คอมเมนท์: พิศวาสสุดหัวใจ เ..


 Copyright 2026. Bcnsprnw @Library